00647nam a22002177a 450000500170000001000130001702000210003003500130005103700160006404000120008008200150009210000210010724500920012825000110022026000450023127000180027630000250029450000610031965000270038065000220040720170124110054.0 aA-828698 c00.00a047111829 aA-828698 bCen Lib/Ret aDPLbEN a658.5bBUF aBuffa, Elwood S. aModern production management :cby Elwood S. Buffa bmanaging the operations function / a5th ed aSanta Barbar bJohn Willey & Sons c1977 bSanta Barbara avii, 743p.c23cm(Hb) aIncludes appendix, bibliographical references and index  aProduction Management  aBasic principles